000 00622nam a2200241Ia 4500
003 OSt
005 20221007072106.0
006 a|||||r|||| 00| 0
007 ta
008 221006b |||||||| |||| 00| 0 eng d
024 _a25,574
037 _cTextual
040 _aFLL
_cFLL
_beng
041 _2eng
_aeng
082 _aZ3:6, H8
100 _aCheshire G.C.
_9152548
245 0 _aPrivate international law
250 _a3rd
260 _aLondon
_bOxford University Press, London
_c1947
300 _alii,1-884p
_ccm.
942 _hZ3:6, H8
_cTEXL
_2CC
999 _c1145173
_d1145173